Tous les Pokemon de type Eau (3G) - Statistiques

Statistiques générales
  • Ce quiz a été pris 7 fois
  • Le résultat moyen est 21 sur 29
Statistiques - réponses
Indices Réponses % Correct
Eau Kyogre
100%
Eau Gobou
86%
Eau + Sol Laggron
86%
Eau + Plante Lombre
86%
Eau + Plante Ludicolo
86%
Eau + Plante Nénupiot
86%
Eau + Insecte Arakdo
71%
Eau + Sol Barbicha
71%
Eau + Sol Barloche
71%
Eau Barpau
71%
Eau + Vol Bekipan
71%
Eau + Ténèbres Carvanha
71%
Eau + Ténèbres Colhomard
71%
Eau Coquiperl
71%
Eau Ecrapince
71%
Eau + Sol Flobio
71%
Eau + Vol Goélise
71%
Eau + Glace Kaimorse
71%
Eau Milobellus
71%
Eau + Glace Obalie
71%
Eau + Glace Phogleur
71%
Eau + Roche Relicanth
71%
Eau Rosabyss
71%
Eau Serpang
71%
Eau + Ténèbres Sharpedo
71%
Eau Wailmer
71%
Eau Wailord
71%
Eau Lovdisc
57%
Eau Morphéo (Forme Eau de Pluie)
57%
Aucun quiz correspondant
Distribution des résultats
% des personnes avec chaque résultat
Percentile par nombre de réponses
Votre historique - résultats
Vous n’avez pas pris ce quiz